| 000 | 01233nam a2200325Ia 4500 | ||
|---|---|---|---|
| 001 | Z_6188 | ||
| 003 | CHAP | ||
| 005 | 20241108114450.0 | ||
| 008 | 220113s2010 xx 000 0 und d | ||
| 010 | _a169426 | ||
| 040 | _cCHAP | ||
| 090 | _aTesis B37 2186 | ||
| 100 |
_aBasurto Vargas, Lorena _910771 |
||
| 245 |
_aFinalización de corderos suplementados con ractopamina / _cLorena Basurto Vargas y Emilio Domínguez Pérez |
||
| 260 |
_aChapingo, México : _bEl autor, _c2010 |
||
| 300 | _a60 h. | ||
| 502 | _aTesis (Ingeniero Agrónomo Espacialista en Zootecnia) -- UACh, 2010 \ Dirección: Carlos Sánchez del Real; asesoría: Pedro Arturo Martínez Hernández, José Artemio Cadena Meneses...[et. al.] | ||
| 650 |
_aAlimentación de corderos _9144079 |
||
| 650 |
_aCorderos _xEngorda _9144080 |
||
| 700 | 1 |
_a Cadena Meneses, José Artemio _9142550 |
|
| 700 |
_a Martínez Hernández, Pedro Arturo, asesor _9137925 |
||
| 700 |
_a Sánchez del Real, Carlos, director _9139076 |
||
| 700 |
_aDomínguez Pérez, José Emilio, coaut. _9144081 |
||
| 856 | 4 | 2 |
_uhttp://10.13.5.2/tesis/110652.pdf _yDescargar PDF |
| 901 | _aTESIS B37 2186 | ||
| 902 | _aM | ||
| 910 | _a2010 | ||
| 942 |
_c2 _2ddc |
||
| 942 |
_c2 _2ddc |
||
| 999 |
_c169426 _d169426 |
||